Giáo dục học sinh khiếm thính tại các cơ sở giáo dục chuyên biệt thành phố Đà Nẵng - Thực trạng và giải pháp

Trình bày cơ sở lí luận, thực trạng và các giải pháp nâng cao chất lượng của việc giáo dục cho trẻ khiếm thính

Đã lưu trong:
書目詳細資料
主要作者: Nguyễn Ngọc Chinh
其他作者: Ngô Thị Thanh Nhung, Trần Bích Thuỷ
格式: 圖書
語言:Vietnamese
出版: H. Giáo dục 2008
主題:
標簽: 添加標簽
沒有標簽, 成為第一個標記此記錄!
Thư viện lưu trữ: Mạng thư viện Đại học Đà Nẵng
LEADER 01430aam a22003498a 4500
001 000015323
003 11700
005 20120525140554.0
008 120525s2008 viesd
020 |d 1000b 
041 0 |a vie 
082 1 4 |2 14  |a 371.91  |b NG-C 
100 1 |a Nguyễn Ngọc Chinh 
245 1 0 |a Giáo dục học sinh khiếm thính tại các cơ sở giáo dục chuyên biệt thành phố Đà Nẵng - Thực trạng và giải pháp  |c Nguyễn Ngọc Chinh (ch.b.), Ngô Thị Thanh Nhung, Trần Bích Thuỷ 
260 |a H.  |b Giáo dục  |c 2008 
300 |a 234tr.  |b minh hoạ  |c 20cm 
520 |a Trình bày cơ sở lí luận, thực trạng và các giải pháp nâng cao chất lượng của việc giáo dục cho trẻ khiếm thính 
650 7 |2 Bộ TK TVQG  |a Giáo dục học 
650 7 |2 Bộ TK TVQG  |a Trẻ khuyết tật 
650 7 |2 Bộ TK TVQG  |a Điếc 
700 1 |a Ngô Thị Thanh Nhung 
700 1 |a Trần Bích Thuỷ 
OWN |a LSP 
AVA |a UDN50  |b LSP  |d 371.91 NG-C  |e available  |t Error 5001 Not defined in file expand_doc_bib_avail.  |f 5  |g 0  |h N  |i 0  |k 1 
999 |a From the UDN01 
AVA |a UDN50  |b LSP  |d 371.91 NG-C  |e available  |t Error 5001 Not defined in file expand_doc_bib_avail.  |f 5  |g 0  |h N  |i 0  |k 1 
TYP |a Monograph 
TYP |a Printed language 
980 |a Mạng thư viện Đại học Đà Nẵng